Korunu skladám z unavenej hlavy súkromný život cisárovnej "Sissi"

Bibliographic Details
Main Authors: Praschl-Bichler, Gabriele, 1958- (Author), Cachée, J. (Author)
Other Authors: Humajová, Daniela, 1955- (Translator)
Format: Book
Language:Slovak
German
PhysicalDescription:191 s., [16] s. fotogr. príl. fotogr. 21 cm
Published: Bratislava Ikar 2005
ISBN:8055110255
Edition:2. vyd.
Subjects:

MARC

LEADER 00000nam a2200000 a 4500
001 vtls001522193
003 SK-MaSNL
005 20260302073925.0
008 251031s2005 xo o g 000 fbslo
015 |a SNBA2006/02-00822 
020 |a 8055110255  |q (viaz.) 
035 |a 5A485595-36F3-4466-94D7-4C39512A8362 
035 |a urn:nbn:sk:snk-aml5o0 
035 |a urn:nbn:sk:snk-am008vnz 
040 |a SNK  |b slo  |c SNK  |e AACR2 
041 1 |a slo  |h ger 
044 |a xo  |c SK 
072 7 |a 821.112.2-3  |x Nemecká próza, nemecky písaná  |2 konspekt 
080 |a 821.112.2-31  |2 MDT-MRF 
080 |a (0:82-311.6)  |2 MDT-MRF 
080 |a (0:82-312.6)  |2 MDT-MRF 
100 1 |a Praschl-Bichler, Gabriele,  |d 1958-  |4 aut  |9 41464 
240 1 0 |a " - von dem müden Haupte nehm' die Krone ich herab "  |l Slovensky 
245 1 0 |a Korunu skladám z unavenej hlavy  |b súkromný život cisárovnej "Sissi"  |c G. Praschlová-Bichlerová, J. Cachée; [preložila Daniela Humajová] 
250 |a 2. vyd. 
260 |a Bratislava  |b Ikar  |c 2005 
300 |a 191 s., [16] s. fotogr. príl.  |b fotogr.  |c 21 cm 
504 |a Bibliogr. s. 191-192 
600 0 7 |a Alžbeta,  |c cisárovná, manželka Františka Jozefa I., rakúskeho cisára,  |d 1837-1898  |2 SNKMA  |9 83094 
648 7 |a 19. storočie  |2 SNK  |9 277854 
650 0 7 |a panovníčky  |2 SNKPH  |9 75499 
651 7 |a Rakúsko  |2 SNKPHgeo  |9 18533 
655 7 |a nemecké romány  |2 SNKPH  |9 70433 
655 7 |a historické romány  |2 SNKPH  |9 70253 
655 7 |a biografické romány  |2 SNKPH  |9 1532 
700 1 |a Cachée, J.  |4 aut  |9 43134 
700 1 |a Humajová, Daniela,  |d 1955-  |4 trl  |9 98624 
919 |a 80-551-1025-5 
958 |a OND 
968 |b DT  |d 821 
999 |c 1162893  |d 1164823 
952 |a SNK  |b SNK  |y PREZ  |7 0  |p 17A0461907  |o snkSC 119479  |i snk2005/5180  |8 0  |0 0  |1 0  |4 0  |d 2005-04-04  |f 1  |l 0  |r 2025-05-28 00:00:00  |w 2026-02-24 
952 |a SNK  |b SNK  |y VYP  |7 0  |p 17A0461898  |o snkSC 119479 D1  |i snk2005/5181  |8 0  |0 0  |1 0  |4 0  |d 2005-04-04  |l 0  |r 2026-02-24 20:39:06  |w 2026-02-24